High achievers' perceptions of parenting styles : a study of form four students in Hulu Langat district, Selangor Darul Ehsan /
Saved in:
| Main Author: | |
|---|---|
| Format: | Thesis Book |
| Language: | English |
| Published: |
2002.
|
| Tags: |
Add Tag
No Tags, Be the first to tag this record!
|
| LEADER | 01010cam a2200241 i 4500 | ||
|---|---|---|---|
| 001 | u1127522 | ||
| 003 | SIRSI | ||
| 005 | 201911281624 | ||
| 008 | 191128s2002 my a m 000 0 eng | ||
| 040 | |a UMD |e rda | ||
| 090 | |a LB7 |b B5 UM 2002 Cho | ||
| 100 | 1 | |a Chong, Lan Choo., |e author. | |
| 245 | 1 | 0 | |a High achievers' perceptions of parenting styles : |b a study of form four students in Hulu Langat district, Selangor Darul Ehsan / |c Chong Lan Choo. |
| 264 | 1 | |c 2002. | |
| 300 | |a ix, 97 leaves : |b illustrations ; |c 30 cm | ||
| 502 | |b M.Ed.Spec. |c Jabatan Psikologi Pendidikan dan Kaunseling, Fakulti Pendidikan, Universiti Malaya |d 2002. | ||
| 504 | |a Bibliography: leaves 81-87. | ||
| 710 | 2 | |a Universiti Malaya. |b Jabatan Psikologi Pendidikan dan Kaunseling, |e degree granting institution. | |
| 336 | |a text$2rdacontent | ||
| 337 | |a unmediated$2rdamedia | ||
| 338 | |a volume$2rdacarrier | ||
| 596 | |a 8 | ||
| 999 | |a LB7 B5 UM 2002 CHO |w LC |c 1 |i A517314863 |f 30/9/2022 |g 1 |l STACKS |m P08PENDIDI |r Y |s Y |t TESIS |u 30/9/2022 |0 EDU |1 AHSS | ||
